[Event "Madrid-ch Seniors 65+"]
[Site "Madrid"]
[Date "2022.04.18"]
[Round "1"]
[White "Jimenez Jimenez, Jose Luis"]
[Black "Salgado Duarte, Pablo"]
[Result "1-0"]
[WhiteElo "1780"]
[BlackElo "1435"]
[PlyCount "73"]
[EventDate "2022.04.18"]
[EventType "swiss"]
[EventRounds "7"]
[EventCountry "ESP"]
[SourceTitle "EXT 2023"]
[Source "ChessBase"]
[SourceDate "2022.10.05"]
[SourceVersion "1"]
[SourceVersionDate "2022.10.05"]
[SourceQuality "1"]

1. e4 e5 2. Nf3 d6 3. d4 exd4 4. Nxd4 Nf6 5. Nc3 Bd7 6. Bc4 Be7 7. 0-0 0-0 8. Be3 Nc6 9. f3 Nxd4 10. Qxd4 a6 11. a4 Be6 12. Rfd1 c5 13. Qd3 Qb6 14. a5 Qc7 15. Bf4 Qc6 16. Bxe6 fxe6 17. Bxd6 Rfd8 18. e5 Ne8 19. Qc4 Bxd6 20. Qxe6+ Kh8 21. exd6 Nxd6 22. Rd5 Qc7 23. Qe5 Qc6 24. Rxc5 Nf7 25. Rxc6 Nxe5 26. Rc7 Rab8 27. Ne4 h6 28. Ra3 Nc6 29. c3 Ne5 30. Ra1 b5 31. axb6 Rxb6 32. b4 Ra8 33. Rd1 a5 34. Rd5 Ng6 35. Rxa5 Rd8 36. Raa7 Nf4 37. Rxg7 1-0

[Event "Madrid City-ch Seniors 50"]
[Site "Madrid"]
[Date "2021.04.12"]
[Round "5"]
[White "Salgado Duarte, Pablo"]
[Black "Marin Aso, Jose Luis"]
[Result "0-1"]
[WhiteElo "1472"]
[BlackElo "1910"]
[PlyCount "48"]
[EventDate "2021.04.06"]
[EventType "swiss"]
[EventRounds "9"]
[EventCountry "ESP"]
[SourceTitle "EXT 2022"]
[Source "ChessBase"]
[SourceDate "2021.10.06"]
[SourceVersion "1"]
[SourceVersionDate "2021.10.06"]
[SourceQuality "1"]

1. d4 Nf6 2. c4 g6 3. Nc3 Bg7 4. Nf3 0-0 5. e4 d6 6. h3 Nbd7 7. Bd3 e5 8. d5 Nc5 9. Bc2 a5 10. Be3 Nh5 11. Bxc5 dxc5 12. Ne2 c6 13. dxc6 Qb6 14. cxb7 Bxb7 15. b3 Rad8 16. Qc1 f5 17. 0-0 fxe4 18. Nh2 Nf4 19. Nxf4 exf4 20. Rb1 Bd4 21. Qe1 Rde8 22. a3 f3 23. Qd2 e3 24. Qc1 fxg2 0-1

[Event "Madrid City-ch Seniors 50"]
[Site "Madrid"]
[Date "2021.04.08"]
[Round "3"]
[White "Fiz Criado, Fidel"]
[Black "Salgado Duarte, Pablo"]
[Result "1-0"]
[WhiteElo "1863"]
[BlackElo "1472"]
[PlyCount "97"]
[EventDate "2021.04.06"]
[EventType "swiss"]
[EventRounds "9"]
[EventCountry "ESP"]
[SourceTitle "EXT 2022"]
[Source "ChessBase"]
[SourceDate "2021.10.06"]
[SourceVersion "1"]
[SourceVersionDate "2021.10.06"]
[SourceQuality "1"]

1. d4 d5 2. e4 dxe4 3. Nc3 Nf6 4. f3 Nc6 5. d5 Ne5 6. fxe4 e6 7. Bf4 Bd6 8. Bb5+ Bd7 9. dxe6 fxe6 10. Qd4 Bxb5 11. Bxe5 Bxe5 12. Qxe5 Bc6 13. Qxe6+ Qe7 14. Qxe7+ Kxe7 15. 0-0-0 Rad8 16. Nf3 Rhe8 17. Rhe1 Kf8 18. Rxd8 Rxd8 19. Ne5 Be8 20. g4 Nd7 21. Rf1+ Kg8 22. Rd1 Kf8 23. Nb5 Ke7 24. Nxd7 Bxd7 25. Nxc7 Bxg4 26. Rxd8 Kxd8 27. Nb5 a6 28. Nd6 b5 29. Kd2 Ke7 30. Nb7 Kf6 31. b4 Ke5 32. Ke3 g5 33. Nc5 Bc8 34. Nd3+ Kf6 35. Kd4 h5 36. c4 bxc4 37. Kxc4 Bb7 38. Kd4 g4 39. e5+ Ke7 40. Nf4 Bc6 41. Nxh5 Ke6 42. Ng7+ Kf7 43. Nf5 Bd7 44. Ke4 Kg6 45. Nd4 Bc8 46. Kd5 Kf7 47. Kd6 Ke8 48. e6 Bb7 49. Nf5 1-0

[Event "Madrid City-ch Seniors 65"]
[Site "Madrid"]
[Date "2021.03.16"]
[Round "7"]
[White "Perales Hernandez, Manuel"]
[Black "Salgado Duarte, Pablo"]
[Result "0-1"]
[WhiteElo "1331"]
[BlackElo "1471"]
[PlyCount "80"]
[EventDate "2021.03.08"]
[EventType "swiss"]
[EventRounds "7"]
[EventCountry "ESP"]
[SourceTitle "EXT 2022"]
[Source "ChessBase"]
[SourceDate "2021.10.06"]
[SourceVersion "1"]
[SourceVersionDate "2021.10.06"]
[SourceQuality "1"]

1. e4 e5 2. Nf3 d6 3. h3 Nf6 4. Nc3 Nc6 5. Bc4 Be7 6. d4 exd4 7. Nxd4 Bd7 8. Bf4 a6 9. a3 Nxd4 10. Qxd4 Be6 11. Bxe6 fxe6 12. 0-0-0 e5 13. Bxe5 0-0 14. Bg3 Kh8 15. f3 Nh5 16. Be1 Bf6 17. Qc4 Bxc3 18. Bxc3 Qe7 19. Kb1 Nf4 20. Rhg1 b5 21. Qf1 Ne6 22. Qf2 Ng5 23. Rde1 Nxe4 24. Rxe4 Qxe4 25. Bxg7+ Kxg7 26. Qg3+ Qg6 27. Qe1 c5 28. Qd2 Rad8 29. f4 d5 30. g4 d4 31. f5 Rxf5 32. Re1 Rf7 33. Ka2 Rdf8 34. Re5 Kh8 35. Rxc5 Qe6+ 36. b3 Qe3 37. Qh2 Rf2 38. Qd6 d3 39. Rf5 Rxc2+ 40. Kb1 Qc1# 0-1

[Event "Madrid-ch Seniors 65"]
[Site "Madrid"]
[Date "2020.08.30"]
[Round "7"]
[White "Salgado Duarte, Pablo"]
[Black "Ghavami, Mahmoud"]
[Result "1/2-1/2"]
[WhiteElo "1446"]
[BlackElo "1519"]
[PlyCount "66"]
[EventDate "2020.03.09"]
[EventType "swiss"]
[EventRounds "8"]
[EventCountry "ESP"]
[SourceTitle "EXT 2021"]
[Source "ChessBase"]
[SourceDate "2020.10.23"]
[SourceVersion "1"]
[SourceVersionDate "2020.10.23"]
[SourceQuality "1"]

1. d4 Nf6 2. c4 g6 3. Nc3 d5 4. e3 Bg7 5. Nf3 0-0 6. cxd5 Nxd5 7. Bc4 Nxc3 8. bxc3 c5 9. Bd2 Bg4 10. Be2 Qa5 11. 0-0 Nc6 12. h3 Bxf3 13. Bxf3 Rad8 14. Bxc6 bxc6 15. Qf3 cxd4 16. exd4 c5 17. Bg5 Rd7 18. Rfe1 e6 19. Be3 Qxc3 20. Rac1 Qa5 21. dxc5 Rc7 22. Qe2 Rfc8 23. Red1 Bf8 24. Qb2 Bg7 25. Qd2 Qb5 26. Rb1 Qe8 27. Qa5 Bf8 28. Rdc1 Qc6 29. Bf4 Rb7 30. Rxb7 Qxb7 31. Be3 a6 32. Qb6 Qc6 33. Qxc6 Rxc6 1/2-1/2

[Event "Madrid-ch Seniors 65"]
[Site "Madrid"]
[Date "2020.08.26"]
[Round "3"]
[White "Perales Hernandez, Manuel"]
[Black "Salgado Duarte, Pablo"]
[Result "0-1"]
[WhiteElo "1348"]
[BlackElo "1446"]
[PlyCount "64"]
[EventDate "2020.03.09"]
[EventType "swiss"]
[EventRounds "8"]
[EventCountry "ESP"]
[SourceTitle "EXT 2021"]
[Source "ChessBase"]
[SourceDate "2020.10.23"]
[SourceVersion "1"]
[SourceVersionDate "2020.10.23"]
[SourceQuality "1"]

1. e4 e5 2. Nf3 d6 3. d4 exd4 4. Bc4 Be7 5. Qxd4 Nf6 6. 0-0 Nc6 7. Qe3 h6 8. h3 Bd7 9. Bd2 a6 10. Bc3 Be6 11. Nbd2 0-0 12. Rad1 Nd7 13. Bxe6 fxe6 14. Nb3 Bf6 15. Rd2 Nde5 16. Nxe5 Nxe5 17. Nc5 Qc8 18. Bxe5 Bxe5 19. Nd3 Bf6 20. Qe2 Qe8 21. b3 Qc6 22. Nf4 Rae8 23. Ng6 Rf7 24. Nf4 Bg5 25. g3 e5 26. h4 Bxf4 27. gxf4 Rxf4 28. f3 Rxh4 29. Rf2 Re6 30. Rg2 Qc5+ 31. Rf2 Rg6+ 32. Kf1 Rh1# 0-1

[Event "Madrid-ch Seniors 65"]
[Site "Madrid"]
[Date "2020.03.09"]
[Round "1"]
[White "Barahona Torrijos, Angel"]
[Black "Salgado Duarte, Pablo"]
[Result "1-0"]
[WhiteElo "1807"]
[BlackElo "1446"]
[PlyCount "87"]
[EventDate "2020.03.09"]
[EventType "swiss"]
[EventRounds "8"]
[EventCountry "ESP"]
[SourceTitle "EXT 2021"]
[Source "ChessBase"]
[SourceDate "2020.10.23"]
[SourceVersion "1"]
[SourceVersionDate "2020.10.23"]
[SourceQuality "1"]

1. e4 e5 2. Nf3 d6 3. Nc3 Nc6 4. Bb5 Bd7 5. 0-0 Nf6 6. d4 exd4 7. Nxd4 Nxd4 8. Bxd7+ Qxd7 9. Qxd4 Be7 10. Bg5 c5 11. Qd3 0-0 12. e5 Ne8 13. Bf4 Rd8 14. Rad1 Qe6 15. Nd5 Rd7 16. Nxe7+ Rxe7 17. exd6 Rd7 18. Rfe1 Qxa2 19. Re7 Qa4 20. Qf5 Nf6 21. b3 Qc6 22. Rxd7 Qxd7 23. Qxc5 Rc8 24. Qxa7 Rxc2 25. Qe3 Qg4 26. Ra1 Ra2 27. Re1 h5 28. h3 Qf5 29. Bg3 Ra8 30. Qb6 Qd5 31. Re5 Qd1+ 32. Kh2 Ra1 33. Bh4 Qh1+ 34. Kg3 Rg1 35. Qxb7 Rd1 36. Bxf6 gxf6 37. Re8+ Kg7 38. Re7 Rd3+ 39. Kh4 Rd4+ 40. Kg3 Rd3+ 41. f3 Kh6 42. Qe4 Qd1 43. Rxf7 h4+ 44. Qxh4+ 1-0

[Event "Mostoles op 10th"]
[Site "Mostoles"]
[Date "2019.07.26"]
[Round "9"]
[White "Salgado Duarte, Pablo"]
[Black "Martinez Pascual, Gonzalo"]
[Result "1-0"]
[WhiteElo "1492"]
[BlackElo "1557"]
[PlyCount "86"]
[EventDate "2019.07.18"]
[EventType "swiss"]
[EventRounds "9"]
[EventCountry "ESP"]
[SourceTitle "EXT 2021"]
[Source "ChessBase"]
[SourceDate "2020.10.23"]
[SourceVersion "1"]
[SourceVersionDate "2020.10.23"]
[SourceQuality "1"]

1. d4 Nf6 2. c4 e5 3. dxe5 Ng4 4. Nf3 Bc5 5. e3 Nc6 6. Nc3 Ngxe5 7. Nxe5 Nxe5 8. Qd5 d6 9. Be2 0-0 10. 0-0 c6 11. Qd1 Be6 12. b3 a5 13. Bb2 Qc7 14. Ne4 Nd7 15. Nxc5 Nxc5 16. Qd4 f6 17. Rfd1 Rad8 18. Ba3 Bf7 19. Bxc5 dxc5 20. Qf4 Bg6 21. Rac1 Rxd1+ 22. Rxd1 Rd8 23. Rxd8+ Qxd8 24. e4 h6 25. Qe3 Qe7 26. f3 Qe5 27. Qd2 Qa1+ 28. Kf2 Kh7 29. g3 b6 30. Kg2 f5 31. Bd3 fxe4 32. Bxe4 Bxe4 33. fxe4 Qb1 34. Qe2 b5 35. e5 Kg8 36. e6 Kf8 37. Qf2+ Ke7 38. Qf7+ Kd6 39. Qd7+ Ke5 40. e7 Qe4+ 41. Kh3 Kf6 42. e8Q Qb1 43. Qee6+ Kg5 1-0

[Event "Mostoles op 10th"]
[Site "Mostoles"]
[Date "2019.07.20"]
[Round "3"]
[White "Salgado Duarte, Pablo"]
[Black "Centeno Mendoza, Julio Stefano"]
[Result "0-1"]
[WhiteElo "1492"]
[BlackElo "1725"]
[PlyCount "110"]
[EventDate "2019.07.18"]
[EventType "swiss"]
[EventRounds "9"]
[EventCountry "ESP"]
[SourceTitle "EXT 2020"]
[Source "ChessBase"]
[SourceDate "2019.10.17"]
[SourceVersion "1"]
[SourceVersionDate "2019.10.17"]
[SourceQuality "1"]

1. d4 d5 2. c4 e5 3. dxe5 d4 4. Nf3 Nc6 5. e3 Bb4+ 6. Bd2 dxe3 7. fxe3 Nh6 8. a3 Bxd2+ 9. Qxd2 Qxd2+ 10. Nbxd2 Ng4 11. 0-0-0 Nf2 12. Be2 Nxh1 13. Rxh1 Be6 14. Nb3 0-0-0 15. Nbd4 Bg4 16. Nxc6 bxc6 17. h3 Bxf3 18. Bxf3 Kb7 19. Rf1 Rde8 20. Bg4 Rhf8 21. Rf5 g6 22. Rf6 Rxe5 23. Bf3 Re6 24. Rf4 Rxe3 25. Kd2 Re5 26. Rd4 Ree8 27. Rf4 f5 28. b4 g5 29. Rd4 Rd8 30. Kc3 Rxd4 31. Kxd4 Kb6 32. a4 a5 33. c5+ Ka6 34. Kc4 axb4 35. Kxb4 Rf6 36. Be2+ Ka7 37. g3 f4 38. gxf4 Rxf4+ 39. Ka5 Re4 40. Bf3 Re3 41. Bg4 h5 42. Bd7 h4 43. Kb4 Re4+ 44. Ka5 Rc4 45. Be8 g4 46. hxg4 Rxg4 47. Bxc6 h3 48. Kb5 h2 49. Bd5 Rg6 50. a5 c6+ 51. Bxc6 Rxc6 52. Kxc6 h1Q+ 53. Kd6 Kb7 54. a6+ Kxa6 55. c6 Kb6 0-1

[Event "Mem op Francisco Codes 12th"]
[Site "Madrid"]
[Date "2018.04.22"]
[Round "3.16"]
[White "Salgado Duarte, Pablo"]
[Black "Martinez Fernandez, Fulgencio"]
[Result "1/2-1/2"]
[WhiteElo "1569"]
[BlackElo "1510"]
[PlyCount "31"]
[EventDate "2018.04.08"]
[EventType "swiss"]
[EventRounds "9"]
[EventCountry "ESP"]
[SourceTitle "EXT 2024"]
[Source "ChessBase"]
[SourceDate "2023.10.10"]
[SourceVersion "1"]
[SourceVersionDate "2023.10.10"]
[SourceQuality "1"]

1. d4 Nf6 2. c4 e6 3. Nc3 Bb4 4. Bd2 0-0 5. Nf3 b6 6. e3 Ba6 7. Be2 d5 8. cxd5 Bxe2 9. Qxe2 exd5 10. 0-0 Nc6 11. a3 Bxc3 12. Bxc3 Re8 13. Rfd1 Ne7 14. Rac1 Ng6 15. h3 Ne4 16. Qe1 1/2-1/2

[Event "Madrid Tajamar Easter op-B"]
[Site "Madrid"]
[Date "2018.03.22"]
[Round "1"]
[White "Salgado Duarte, Pablo"]
[Black "Esteban Posadilla, Raul"]
[Result "0-1"]
[WhiteElo "1558"]
[BlackElo "1852"]
[PlyCount "130"]
[EventDate "2018.03.22"]
[EventType "swiss"]
[EventRounds "7"]
[EventCountry "ESP"]
[SourceTitle "EXT 2019"]
[Source "ChessBase"]
[SourceDate "2018.10.10"]
[SourceVersion "1"]
[SourceVersionDate "2018.10.10"]
[SourceQuality "1"]

1. d4 d5 2. c4 c6 3. e3 Nf6 4. Nc3 a6 5. Nf3 Bg4 6. cxd5 cxd5 7. Be2 e6 8. 0-0 Nc6 9. a3 Bd6 10. Re1 0-0 11. h3 Bxf3 12. Bxf3 Rc8 13. Bd2 b5 14. Be2 Bb8 15. f4 Ne4 16. Nxe4 dxe4 17. Rf1 f5 18. Qe1 Bd6 19. Bc3 Ne7 20. a4 Nd5 21. Bd2 Qb6 22. axb5 axb5 23. Ba5 Qb7 24. Qd2 Rc6 25. Rfc1 Rfc8 26. Rxc6 Rxc6 27. Rc1 Bb4 28. Bxb4 Rxc1+ 29. Qxc1 Nxb4 30. Qc5 Nd3 31. Qc2 Nb4 32. Qb3 Nd5 33. Kf2 b4 34. Qa4 Kf7 35. Qc2 Ke7 36. Qc5+ Kf7 37. g4 g6 38. gxf5 gxf5 39. Bh5+ Kg7 40. Be8 Qe7 41. Bc6 Qxc5 42. dxc5 Nc7 43. Ba4 Kf6 44. Bb3 Ke7 45. Ba4 Na6 46. c6 Kd6 47. Bb5 Nc5 48. Bc4 Nd3+ 49. Bxd3 exd3 50. c7 Kxc7 51. Ke1 Kd6 52. Kd2 Kd5 53. Kxd3 e5 54. b3 h6 55. fxe5 Kxe5 56. Ke2 Ke4 57. h4 h5 58. Kd2 Kf3 59. Kd3 Kg4 60. Kc4 Kxh4 61. Kxb4 Kg4 62. Kc5 h4 63. b4 h3 64. b5 h2 65. b6 h1Q 0-1

[Event "Madrid-ch Previa-A"]
[Site "Madrid"]
[Date "2018.02.06"]
[Round "2"]
[White "Salgado Duarte, Pablo"]
[Black "Fernandez Aransay, Fernando"]
[Result "0-1"]
[WhiteElo "1530"]
[BlackElo "1811"]
[PlyCount "76"]
[EventDate "2018.02.05"]
[EventType "swiss"]
[EventRounds "9"]
[EventCountry "ESP"]
[SourceTitle "EXT 2020"]
[Source "ChessBase"]
[SourceDate "2019.10.17"]
[SourceVersion "1"]
[SourceVersionDate "2019.10.17"]
[SourceQuality "1"]

1. d4 d5 2. c4 e6 3. Nc3 Nf6 4. Nf3 Be7 5. Bf4 0-0 6. e3 b6 7. Be2 Bb7 8. h3 Nbd7 9. 0-0 c5 10. cxd5 exd5 11. b3 a6 12. Rc1 Rc8 13. Bd3 h6 14. Qe2 b5 15. a4 c4 16. Bc2 b4 17. Na2 a5 18. Ne5 Ba6 19. bxc4 Nxe5 20. Bxe5 Bxc4 21. Bd3 Bxd3 22. Qxd3 Qd7 23. Qb3 Ne4 24. Rfd1 Rc4 25. Rxc4 dxc4 26. Qxc4 Qxa4 27. Rc1 Nd2 28. Nc3 Qa3 29. Nb1 Nxc4 30. Nxa3 Nxa3 31. d5 Rd8 32. e4 Bd6 33. Bb2 f6 34. Bd4 Rb8 35. Rc6 Nb5 36. Bb2 a4 37. Ra6 a3 38. Bc1 b3 0-1

[Event "Madrid-ch Seniors 50"]
[Site "Madrid"]
[Date "2018.01.18"]
[Round "9"]
[White "De los Rios Camacho, Juan Antoni"]
[Black "Salgado Duarte, Pablo"]
[Result "1/2-1/2"]
[WhiteElo "1624"]
[BlackElo "1522"]
[PlyCount "109"]
[EventDate "2018.01.08"]
[EventType "swiss"]
[EventRounds "9"]
[EventCountry "ESP"]
[SourceTitle "CBM 182 Extra"]
[Source "ChessBase"]
[SourceDate "2018.02.23"]
[SourceVersion "1"]
[SourceVersionDate "2018.02.23"]
[SourceQuality "1"]

1. e4 c5 2. Nf3 Nc6 3. d3 e5 4. Be2 Nf6 5. c3 d6 6. Nbd2 Be7 7. h3 h6 8. Nf1 0-0 9. Qc2 Be6 10. g4 Nh7 11. Be3 Ng5 12. N1d2 d5 13. Nxg5 hxg5 14. exd5 Bxd5 15. Bf3 a6 16. Ne4 Rc8 17. Qe2 b5 18. Nxc5 Bxc5 19. Bxc5 Re8 20. Be4 Nb8 21. Be3 Bxe4 22. dxe4 f6 23. 0-0 Nc6 24. Rfd1 Qe7 25. Rd5 Qb7 26. Rad1 Ne7 27. Rd6 Ra8 28. Qc2 Ng6 29. Bxg5 Nf4 30. Bxf4 exf4 31. f3 Qe7 32. Qb3+ Kh7 33. Qd5 Qa7+ 34. Rd4 Re5 35. Rd7 Rxd5 36. Rxa7 Rxd4 37. Rxa8 Rd1+ 38. Kf2 Rd2+ 39. Ke1 Rxb2 40. Rxa6 Rb1+ 41. Ke2 Rb2+ 42. Kd1 Rf2 43. Ra5 Rxf3 44. Rxb5 Rxc3 45. a4 Rc4 46. a5 Rxe4 47. a6 Ra4 48. Rh5+ Kg6 49. Rf5 Rxa6 50. Rxf4 Ra2 51. Ke1 Rh2 52. Rf3 Kg5 53. Rf5+ Kh4 54. Rh5+ Kg3 55. Rh7 1/2-1/2

[Event "Madrid-ch Seniors 50"]
[Site "Madrid"]
[Date "2018.01.17"]
[Round "8"]
[White "Salgado Duarte, Pablo"]
[Black "Ramos Antona, Enrique"]
[Result "1/2-1/2"]
[WhiteElo "1522"]
[BlackElo "1608"]
[PlyCount "84"]
[EventDate "2018.01.08"]
[EventType "swiss"]
[EventRounds "9"]
[EventCountry "ESP"]
[SourceTitle "CBM 182 Extra"]
[Source "ChessBase"]
[SourceDate "2018.02.23"]
[SourceVersion "1"]
[SourceVersionDate "2018.02.23"]
[SourceQuality "1"]

1. d4 Nf6 2. c4 e6 3. Nc3 d5 4. e3 c6 5. cxd5 exd5 6. Nf3 Bg4 7. Be2 Nbd7 8. 0-0 Bd6 9. h3 Bh5 10. Nd2 Bxe2 11. Qxe2 0-0 12. a3 Re8 13. Qd1 Ne4 14. Ndxe4 dxe4 15. f4 Nf6 16. Rb1 b5 17. Bd2 Bf8 18. Rc1 Rc8 19. Be1 Nd5 20. Bf2 a6 21. Re1 f5 22. Ne2 Be7 23. Ng3 g6 24. Re2 Bh4 25. Nf1 Bxf2+ 26. Rxf2 Kg7 27. Rfc2 Re6 28. Qe1 a5 29. Rc5 a4 30. R1c2 Kh6 31. Qc1 Ne7 32. Qe1 Nd5 33. Nd2 g5 34. fxg5+ Qxg5 35. Rxd5 Rg8 36. Nxe4 Rxe4 37. Rd6+ Rg6 38. Rxg6+ hxg6 39. Rc3 Qf6 40. Qg3 f4 41. Qf3 Qf5 42. exf4 Rxd4 1/2-1/2

[Event "Madrid-ch Seniors 50"]
[Site "Madrid"]
[Date "2018.01.16"]
[Round "7"]
[White "Perez Gonzalez, Jesus Miguel"]
[Black "Salgado Duarte, Pablo"]
[Result "1-0"]
[WhiteElo "1626"]
[BlackElo "1522"]
[PlyCount "71"]
[EventDate "2018.01.08"]
[EventType "swiss"]
[EventRounds "9"]
[EventCountry "ESP"]
[SourceTitle "CBM 182 Extra"]
[Source "ChessBase"]
[SourceDate "2018.02.23"]
[SourceVersion "1"]
[SourceVersionDate "2018.02.23"]
[SourceQuality "1"]

1. c4 e5 2. g3 Nf6 3. Bg2 Nc6 4. Nc3 d6 5. d3 Bd7 6. Bg5 Be7 7. Nf3 0-0 8. 0-0 a6 9. h3 Rb8 10. a4 Qc8 11. Kh2 h6 12. Bd2 Be6 13. e4 Nh7 14. Nd5 f5 15. b4 Bxd5 16. cxd5 Nd8 17. Qc2 f4 18. Rac1 c6 19. dxc6 bxc6 20. Qc4+ Kh8 21. b5 axb5 22. axb5 c5 23. Ra1 Ng5 24. Nh4 Kh7 25. gxf4 exf4 26. Nf5 Rxf5 27. exf5 Qxf5 28. Be4 Nxe4 29. dxe4 Qg5 30. Rg1 Qh4 31. Qe2 Ne6 32. Rg4 Qf6 33. Rag1 Qe5 34. f3 Bf8 35. Qd3 Qf6 36. e5+ 1-0

[Event "Madrid-ch Seniors 50"]
[Site "Madrid"]
[Date "2018.01.15"]
[Round "6"]
[White "Salgado Duarte, Pablo"]
[Black "Martinez Miura, Enrique"]
[Result "1/2-1/2"]
[WhiteElo "1522"]
[BlackElo "1637"]
[PlyCount "97"]
[EventDate "2018.01.08"]
[EventType "swiss"]
[EventRounds "9"]
[EventCountry "ESP"]
[SourceTitle "CBM 182 Extra"]
[Source "ChessBase"]
[SourceDate "2018.02.23"]
[SourceVersion "1"]
[SourceVersionDate "2018.02.23"]
[SourceQuality "1"]

1. d4 e6 2. c4 d5 3. Nc3 Nf6 4. e3 Be7 5. Nf3 c6 6. cxd5 exd5 7. Be2 0-0 8. 0-0 h6 9. h3 Bf5 10. Bd3 Bxd3 11. Qxd3 Nbd7 12. Re1 Re8 13. Bd2 Bf8 14. Rac1 Ne4 15. Qc2 f5 16. Nxe4 fxe4 17. Nh2 Bd6 18. Qd1 Nf6 19. Ng4 Qe7 20. Nxf6+ Qxf6 21. Qg4 Rf8 22. Rf1 Rf7 23. f4 exf3 24. Rxf3 Qe7 25. Rcf1 Rxf3 26. Rxf3 Rf8 27. Rxf8+ Qxf8 28. e4 dxe4 29. Qxe4 Qe7 30. Qxe7 Bxe7 31. b3 Kf7 32. Kf2 Ke6 33. Ke3 Bg5+ 34. Kd3 Bxd2 35. Kxd2 Kd5 36. Kd3 b5 37. a3 h5 38. g3 g5 39. Ke3 Ke6 40. Ke4 a6 41. b4 Kf6 42. d5 cxd5+ 43. Kxd5 Kf5 44. Kd4 h4 45. gxh4 gxh4 46. Ke3 Ke5 47. Kf3 Kf5 48. Ke3 Ke5 49. Kf3 1/2-1/2

[Event "Madrid-ch Seniors 50"]
[Site "Madrid"]
[Date "2018.01.10"]
[Round "3"]
[White "Rodriguez Bernal, Herman"]
[Black "Salgado Duarte, Pablo"]
[Result "1-0"]
[WhiteElo "1744"]
[BlackElo "1522"]
[PlyCount "61"]
[EventDate "2018.01.08"]
[EventType "swiss"]
[EventRounds "9"]
[EventCountry "ESP"]
[SourceTitle "CBM 182 Extra"]
[Source "ChessBase"]
[SourceDate "2018.02.23"]
[SourceVersion "1"]
[SourceVersionDate "2018.02.23"]
[SourceQuality "1"]

1. d4 d5 2. Bf4 Nf6 3. Nf3 Nc6 4. e3 e6 5. c3 h6 6. h4 Bd6 7. Ne5 Bd7 8. Bd3 Bxe5 9. dxe5 Ng8 10. Nd2 Nge7 11. h5 Nc8 12. Qg4 Kf8 13. Rh3 f5 14. exf6 Qxf6 15. Rf3 Kg8 16. Bd6 Qxf3 17. gxf3 Nxd6 18. 0-0-0 Ne5 19. Qd4 Ndf7 20. Bc2 Bb5 21. Rg1 Kf8 22. Qc5+ Nd6 23. Qxc7 Nef7 24. f4 Rc8 25. Qa5 a6 26. Qb4 Ke8 27. Rxg7 Be2 28. Bg6 Rc7 29. f3 Nc4 30. Nxc4 dxc4 31. Qd6 1-0

[Event "Madrid San Viator op-B 29th"]
[Site "Madrid"]
[Date "2017.09.17"]
[Round "1"]
[White "Cuadrado Carmona, Javier"]
[Black "Salgado Duarte, Pablo"]
[Result "0-1"]
[WhiteElo "1195"]
[BlackElo "1549"]
[PlyCount "104"]
[EventDate "2017.09.17"]
[EventType "swiss"]
[EventRounds "9"]
[EventCountry "ESP"]
[SourceTitle "EXT 2019"]
[Source "ChessBase"]
[SourceDate "2018.10.10"]
[SourceVersion "1"]
[SourceVersionDate "2018.10.10"]
[SourceQuality "1"]

1. e4 e5 2. Nf3 Nc6 3. Bc4 Be7 4. d4 exd4 5. Nxd4 Ne5 6. Bb3 Nf6 7. Nc3 0-0 8. 0-0 h6 9. h3 Bb4 10. Re1 Bxc3 11. bxc3 d6 12. Be3 Nxe4 13. Bxh6 Qh4 14. Be3 Nxc3 15. Nf3 Nxd1 16. Nxh4 Nxe3 17. Rxe3 Be6 18. f4 Bxb3 19. axb3 Nc6 20. Rae1 Nd4 21. Rc3 c5 22. Ree3 Rfe8 23. Nf3 Ne2+ 24. Kf2 Nxc3 25. Rxc3 f6 26. Rd3 Rad8 27. Nd2 f5 28. Nc4 Re6 29. Na5 Rd7 30. Nc4 Kf8 31. Nb2 d5 32. Na4 b6 33. Nc3 d4 34. Nb5 a6 35. Na3 Rde7 36. Rd2 b5 37. c4 b4 38. Nc2 Kf7 39. Rd1 Re2+ 40. Kg1 Rxc2 41. Ra1 Rb2 42. Rxa6 Rxb3 43. Rc6 Rb1+ 44. Kh2 Rd7 45. Ra6 d3 46. Ra2 d2 47. Rxd2 Rxd2 48. h4 Rbb2 49. h5 Rxg2+ 50. Kh3 Rh2+ 51. Kg3 Rxh5 52. Kf3 Rh3# 0-1

[Event "Collado Villalba 64 op 5th"]
[Site "Collado Villalba"]
[Date "2017.07.26"]
[Round "4"]
[White "Salgado Duarte, Pablo"]
[Black "Osuna Osuna, Francisco"]
[Result "0-1"]
[WhiteElo "1604"]
[BlackElo "1590"]
[PlyCount "65"]
[EventDate "2017.07.23"]
[EventType "swiss"]
[EventRounds "9"]
[EventCountry "ESP"]
[SourceTitle "CBM 179 Extra"]
[Source "ChessBase"]
[SourceDate "2017.08.23"]
[SourceVersion "1"]
[SourceVersionDate "2017.08.23"]
[SourceQuality "1"]

1. d4 d5 2. c4 e5 3. dxe5 d4 4. e3 Bb4+ 5. Bd2 dxe3 6. Bxb4 exf2+ 7. Ke2 fxg1N+ 8. Ke1 Qh4+ 9. g3 Qe4+ 10. Kd2 Qxh1 11. Kc1 Qxh2 12. Qd3 Nc6 13. Bc3 Bd7 14. e6 Qh6+ 15. Nd2 Bxe6 16. Bg2 Rd8 17. Qf1 Nd4 18. Bxd4 Rxd4 19. Qf2 Rxc4+ 20. Kd1 Bg4+ 21. Ke1 Qe6+ 22. Kf1 Qe2+ 23. Qxe2+ Bxe2+ 24. Kxg1 Rc2 25. Nb3 Nf6 26. Re1 0-0 27. Nd4 Rxb2 28. Nxe2 Re8 29. Kf1 Ng4 30. Bh1 h5 31. Bf3 Nh2+ 32. Kg2 Nxf3 33. Kxf3 0-1

[Event "Collado Villalba 64 op 5th"]
[Site "Collado Villalba"]
[Date "2017.07.25"]
[Round "3"]
[White "Salgado Duarte, Pablo"]
[Black "Gonzalez Arroyo, Abel Miguel"]
[Result "0-1"]
[WhiteElo "1604"]
[BlackElo "1496"]
[PlyCount "80"]
[EventDate "2017.07.23"]
[EventType "swiss"]
[EventRounds "9"]
[EventCountry "ESP"]
[SourceTitle "CBM 179 Extra"]
[Source "ChessBase"]
[SourceDate "2017.08.23"]
[SourceVersion "1"]
[SourceVersionDate "2017.08.23"]
[SourceQuality "1"]

1. d4 d5 2. c4 c6 3. cxd5 cxd5 4. Nc3 Nf6 5. Nf3 Nc6 6. Bf4 e6 7. h3 Bd6 8. Bxd6 Qxd6 9. e3 a6 10. Bd3 0-0 11. a3 e5 12. dxe5 Nxe5 13. Be2 Rd8 14. 0-0 Nxf3+ 15. Bxf3 d4 16. exd4 Qxd4 17. Qb3 Be6 18. Qc2 Qb6 19. Na4 Qb5 20. Be2 Qg5 21. Kh1 Rd2 22. f4 Qd5 23. Nc3 Rxc2 24. Nxd5 Bxd5 25. Bf3 Bxf3 26. Rxf3 Rxb2 27. Rc3 Nd5 28. Rd3 Nxf4 29. Rf3 Nxg2 30. Rg1 Nh4 31. Rfg3 Ng6 32. h4 Re8 33. h5 Ree2 34. Rd1 Nf8 35. Rh3 h6 36. a4 Ne6 37. Rc1 Ng5 38. Rhc3 Rh2+ 39. Kg1 Nh3+ 40. Kf1 Rh1# 0-1